000 00991nam a22002537a 4500
005 20170123164143.0
010 _aB-047225
020 _c85.00
035 _aB-047225
037 _aCen Lib / Ret
040 _aDPL
_bPN
082 _a
_bਬੂਟਾਸਿੰ
100 _aਬੂਟਾ ਸਿੰਘ ਸ਼ਾਦ
_96710
245 _aਬੰਜਰ ਧਰਤੀ ਤਾਹਕਦਾ ਫੁੱਲ /
_cਬੂਟਾ ਸਿੰਘ ਸ਼ਾਦ
246 _aBanjar dharti tahkda phul : a novel
_bby Boota Singh Shaad
260 _aਦਿੱਲੀ
_bਆਰਸੀ ਪਬਲਿਸ਼ਰਜ਼
_c2001
270 _aਆਰਸੀ ਪਬਲਿਸ਼ਰਜ਼, ਚਾਂਦਨੀ ਚੌਕ
_bਦਿੱਲੀ
_e110006
300 _a94p.
_b22cm(Hb)
600 _aਨਾਵਲ - ਪੰਜਾਬੀ
_9119176
650 _aਪੰਜਾਬੀ ਸਾਹਿਤ
_9119177
650 _aPunjabi Novel
_96285
650 _aLiterature -- Punjabi
_9114104
942 _2ddc
_cPN
_h
_mਬੂਟਾਸਿੰ
999 _c109807
_d109807